000 00470nam a2200193Ia 4500
008 240510s9999 xx 000 0 und d
020 _a0000130254932
041 _aEng
082 _a005.4476
082 _bU53
100 _aHARVEL L. (ET-AL)
245 0 _aUNIX AND WINDOWS 2000 HANDBOOK
260 _bNEW JERSEY : PRINTICE HALL
260 _c2000
300 _a679 p.
650 _aNETWORK OPERATING SYSTEMS : WINDOWS : UNIX
942 _2ddc
942 _cRBK
999 _c24628
_d24628
945 _a1
_bMadushi Gamage
_c1
_dMadushi Gamage